| 000 | 01368cam a22003494a 4500 | ||
|---|---|---|---|
| 001 | 1898 | ||
| 003 | FISKH | ||
| 005 | 20231009100215.0 | ||
| 008 | 070131s2008 nyua jdb 001 0deng | ||
| 010 | _a 2007004486 | ||
| 020 | _a9780531147832 | ||
| 040 |
_aDLC _cDLC _dDLC _beng |
||
| 043 |
_an-us--- _an-us-md |
||
| 050 | 0 | 0 |
_aML3561.S8 _bL35 2008 |
| 082 | 0 | 0 |
_a782.42/15990973 _222 |
| 100 | 1 | _aLandau, Elaine. | |
| 245 | 1 | 4 |
_aThe national anthem / _cElaine Landau. |
| 260 |
_aNew York : _bScholastic, _c2008. |
||
| 300 |
_a48 pages : _bcolor illustrations ; _c22 cm. |
||
| 490 | 0 | _aA true book | |
| 505 | 0 | _aT | |
| 520 | _aExplains what a national anthem is; recounts the events that led to Francis Scot Key writing "The Star-Spangled Banner," including the history of the specific flag to which he referred; and describes how his poem eventually became the national anthem. | ||
| 521 | 8 |
_a810
_bLexile |
|
| 521 | 8 |
_aT
_bRaz-Plus |
|
| 600 | 1 | 0 |
_aKey, Francis Scott, _d1779-1843 _vJuvenile literature. |
| 630 | 0 | 0 |
_aStar-spangled banner (Song) _vJuvenile literature. |
| 650 | 0 |
_aBaltimore, Battle of, Baltimore, Md., 1814 _vJuvenile literature. |
|
| 856 | 4 | 1 | _u |
| 906 |
_a7 _bcbc _corignew _d1 _eecip _f20 _gy-gencatlg |
||
| 942 |
_2ddc _cBK _n0 |
||
| 999 |
_c1898 _d1898 |
||